| 000 | 00421nam a2200157 i 4500 | ||
|---|---|---|---|
| 001 | 41278 | ||
| 003 | ES-MaACL | ||
| 005 | 20230906160414.0 | ||
| 007 | t| | ||
| 008 | 030310s1913 fr ||||1| spa d | ||
| 100 | 1 |
_aCarvalho, Ronald. _935964 |
|
| 245 | 1 | 0 |
_aLuz gloriosa / _cpoema de Ronald Carvalho. |
| 260 |
_a[S.l. : _bs.n., _c1913] ( _eParis : _fCres et C.) |
||
| 300 |
_a1 v. ; _c25 cm. |
||
| 852 |
_aES-MaACL _jF-1264 |
||
| 999 |
_c41278 _d41278 |
||